Normal view
MARC view
Entry Personal Name
001 - CONTROL NUMBER
- control field: 4666
003 - CONTROL NUMBER IDENTIFIER
- control field: BD-RjUL
005 - DATE AND TIME OF LATEST TRANSACTION
- control field: 20220907104501.0
008 - FIXED-LENGTH DATA ELEMENTS
- fixed length control field: 220907|| aca||aabn | a|a d
040 ## - CATALOGING SOURCE
- Original cataloging agency: BD-RjUL
- Transcribing agency: BD-RjUL
100 ## - HEADING--PERSONAL NAME
- Personal name: ندوی, سيد سليمان # # Nadawi, Syed Suleiman
670 ## - SOURCE DATA FOUND
- Source citation: Work cat.: (BD-RjUL)80311: ندوی, سيد سليمان # # Nadawi, Syed Suleiman, تاريخ ارض القرآن / # # Tārīḵẖ-i arẓ al-Qurʼān /